000
00261nam a2200097Ia 4500
001
803880
005
20250826171123.0
008
250824s9999 xx 000 0 und d
245
0
_a
ABDÜLHAMİD İN KURTLARLA DANSI 3
_c
MUSTAĞA ARMAĞAN
260
_b
KETEBE YAYINLARI
999
_c
803880
_d
803880